000 00336 a2200145 4500
001 50221
020 _a8586390496
040 _cAnchieta - Bela Vista
100 _aFurtado, Paula
240 1 0 _aFifa a vaquinha fantástica
_lpor
245 1 0 _aFifa a vaquinha fantástica
300 _a16
650 4 _aLiteratura infantil
942 _cBK
999 _c50221
_d50221